000 00248nam a22001217a 4500
003 SGT
082 _bBAN
100 _aBANSAL, ASHWANI
245 _aVASTU FLOWERS, AND PLANTS LANDSCAPE
260 _aGLOBAL
_c2000
300 _a152
942 _2ddc
_cBK
999 _c19733
_d19733